Bilecik Bilecik Bilecik Bilecik Bilecik
Normal view MARC view

Entry Toplantı Adı

Number of records used in: 1

001 - KONTROL NUMARASI

  • Kontrol alanı: 34396

003 - KONTROL NUMARASI KİMLİĞİ

  • Kontrol alanı: TR-BiSEU

005 - SON İŞLEM TARİHİ VE ZAMANI

  • Kontrol alanı: 20260207002006.0

008 - SABİT UZUNLUKTAKİ VERİ ÖGELERİ - GENEL BİLGİ

  • Sabit uzunlukta kontrol alanı: 260207|| aca||aabn | a|a d

040 ## - KATALOGLAMA KAYNAĞI

  • Özgün kataloglama kurumu: TR-BiSEU
  • Çeviri kurumu: TR-BiSEU

111 ## - KONU BAŞLIKLARI - TOPLANTI ADI

  • Toplantı adı: Dünya gıda günü 2005 sempozyumu : (14-15 Ekim 2005 Ankara)

670 ## - BİLGİNİN KAYNAĞI

  • Bilginin alındığı kaynak: KOHA: (TR-BiSEU)14721: Dünya gıda günü 2005 sempozyumu : (14-15 Ekim 2005 Ankara), Dünya gıda günü 2005 sempozyumu :